Top 100 NBA players of all time - Statistics

General Stats
  • This quiz has been taken 27 times
  • The average score is 73 of 100
Answer Stats
# Team Position Answer % Correct
1 Chicago Bulls SG Michael Jordan
100%
17 Dallas Mavericks PF Dirk Nowitzki
95%
13 Huston Rockets C Hakeem Olajuwon
95%
3 Los Angeles Lakers C Kareem Abdul Jabbar
95%
12 Golden State Warriors SF Kevin Durant
95%
8 Los Angeles Lakers SG Kobe Bryant
95%
10 Boston Celtics SF/PF Larry Bird
95%
2 Cleveland Cavaliers SF Lebron James
95%
6 Los Angeles Lakers PG Magic Johnson
95%
26 Chicago Bulls SF Scottie Pippen
95%
7 Los Angeles Lakers C Shaquille o´neal
95%
5 Golden State Warriors PG Stephen Curry
95%
9 San Antonio Spurs PF Tim Duncan
95%
11 Philadelphia Warriors C Wilt Chamberlain
95%
35 Philadelphia 76ers SG/PG Allen Iverson
90%
4 Boston Celtics C Bill Russell
90%
20 Milwaukee Bucks PF Giannis Antetokounmpo
90%
16 Los Angeles Lakers PG/SG Jerry West
90%
23 Utah Jazz PF Karl Malone
90%
18 Minnesota Timberwolves PF Kevin Garnett
90%
76 San Antonio Spurs SG Manu Ginobili
90%
22 Philadelphia 76ers C Moses Malone
90%
48 Oklahoma City Thunder PG Russell Westbrook
90%
37 Boston Celtics PG Bob Cousy
85%
21 San Antonio Spurs C David Robinson
85%
52 Atlanta Hawks SF Dominique Wilkins
85%
27 Detroit Pistons PG Isiah Thomas
85%
34 New Jersey Nets PG Jason Kidd
85%
29 Utah Jazz PG John Stockton
85%
19 Philadelphia 76ers SF Julius Erving
85%
69 Cleveland cavaliers PG Kyrie Irving
85%
45 Los Angeles Lakers C Anthony Davis
80%
25 Philadelphia 76ers PF Charles Barkley
80%
65 Portland Trailblazers PG Damian Lillard
80%
68 Chicago Bulls PF Dennis Rodman
80%
24 Miami Heat SG Dwyane Wade
80%
32 Houston Rockets SG/PG James Harden
80%
72 Golden State Warriors SG Klay Thompson
80%
14 Denver Nuggets C Nikola Jokic
80%
15 Cincinnati Royals PG Oscar Robertson
80%
41 New York Knicks C Patrick Ewing
80%
49 Boston Celtics SF Paul Pierce
80%
36 Phoenix Suns PG Steve Nash
80%
88 San Antonio Spurs PG Tony Parker
80%
56 Portland Trailblazers C Bill Walton
75%
30 Los Angeles Clippers PG Chris Paul
75%
75 Golden state warriors PF Draymond Green
75%
64 Los Angeles Lakers SF James Worthy
75%
33 Boston Celtics SF John Havlicek
75%
31 San Antonio Spurs SF Kawhi Leonard
75%
46 Boston Celtics PF Kevin McHale
75%
55 Dallas Mavericks PG Luka doncic
75%
51 Seattle Supersonics SG Ray Allen
75%
54 Indiana Pacers SG Reggie Miller
75%
61 New York Knicks SF/PF Carmelo Anthony
70%
71 Miami Heat C Chris Bosh
70%
53 Seattle Supersonics PG Gary Payton
70%
66 Philadelphia 76ers C Joel Embiid
70%
63 Los Angeles Lakers C Pau Gasol
70%
80 Boston Celtics C Robert Parish
70%
67 Toronto Raptors SF Vince Carter
70%
62 Buffalo Braves C/PF Bob McAdoo
65%
39 Portland Trailblazers SG Clyde Drexler
65%
28 Los Angeles Lakers SF Elgin Baylor
65%
42 San Antonio Spurs SG George Gervin
65%
44 Los Angeles Lakers C George Mikan
65%
95 Detroit Pistons SG Joe Dumars
65%
98 Boston Celtics SG Sam Jones
65%
57 Oklahoma City Thunder PG Shai Gilgeous-Alexander
65%
59 Huston Rockets SF Tracy Mcgrady
65%
43 New York Knicks PG Walt Frazier
65%
97 Huston Rockets C Yao Ming
65%
77 Denver Nuggets SF Alex English
60%
100 Toronto Raptors SF DeMar DeRozan
60%
99 Phoenix Suns SG Devin Booker
60%
58 Syracuse Nationals PF Dolph Schayes
60%
50 Orlando Magic C Dwight Howard
60%
40 Golden State Warriors SF Rick Barry
60%
70 Washington Bullets C Wes Unseld
60%
87 Utah Jazz SF Adrian Dantley
55%
92 Detroit Pistons PG Chauncey Billups
55%
91 Chicago Bulls PG Derrick Rose
55%
47 Washington Bullets PF/C Elvin Hayes
55%
93 Boston Celtics SF/PF Jayson Tatum
55%
86 Miami Heat SF Jimmy Butler
55%
81 Indiana Pacers SF Paul George
55%
79 Utah Jazz SG Pete Maravich
55%
60 New York Knicks C Willis Reed
55%
96 New York Knicks SF Bernard King
50%
38 Atlanta Hawks PF Bob Pettit
50%
90 Sacramento Kings PF Chris Webber
50%
74 Boston Celtics C Dave Cowens
50%
82 Detroit Pistons SF Grant hill
50%
73 Philadelphia 76ers PG Hal Greer
50%
89 Miami Heat C Alonzo Mourning
45%
94 New York Knicks PF Dave DeBusschere
45%
83 Boston Celtics PG Nate Archibald
40%
78 Golden State Warriors SF Paul Arizin
40%
85 Detroit Pistons C Bob Lanier
35%
84 Atlanta Hawks C Dikembe Mutombo
30%
No matching quizzes found
Score Distribution
Percent of People with Each Score
Percentile by Number Answered
Your Score History
You have not taken this quiz